Catálogo público

Manual del azúcar de caña : para fabricantes de azúcar de caña y químicos especializados / (Record no. 173292)

MARC details
000 -CABECERA
campo de control de longitud fija 01195nam a2200313Ia 4500
001 - NÚMERO DE CONTROL
campo de control dia_2792
003 - IDENTIFICADOR DEL NÚMERO DE CONTROL
campo de control CHAP
005 - FECHA Y HORA DE LA ÚLTIMA TRANSACCIÓN
campo de control 20230310133151.0
008 - DATOS DE LONGITUD FIJA--INFORMACIÓN GENERAL
campo de control de longitud fija 220117s1991 xx 000 0 und d
010 ## - NÚMERO DE CONTROL DE LA BIBLIOTECA DEL CONGRESO
Número de control de LC 173292
020 ## - NÚMERO INTERNACIONAL ESTÁNDAR DEL LIBRO
Número Internacional Estándar del Libro 968-18-3662-6
040 ## - FUENTE DE LA CATALOGACIÓN
Centro/agencia transcriptor CHAP
082 ## - NÚMERO DE LA CLASIFICACIÓN DECIMAL DEWEY
Número de clasificación 664.1 C44 1991
100 ## - ENTRADA PRINCIPAL--NOMBRE DE PERSONA
Nombre de persona Chen, James C. P.
9 (RLIN) 22128
245 ## - MENCIÓN DE TÍTULO
Título Manual del azúcar de caña : para fabricantes de azúcar de caña y químicos especializados /
Mención de responsabilidad, etc. James C. P. Chen ; traducción Carlos Alberto García Ferrer y Constantino Álvarez Medina
260 ## - PUBLICACIÓN, DISTRIBUCIÓN, ETC.
Lugar de publicación, distribución, etc. México :
Nombre del editor, distribuidor, etc. Limusa,
Fecha de publicación, distribución, etc. 1991
300 ## - DESCRIPCIÓN FÍSICA
Extensión 1200 p.
500 ## - NOTA GENERAL
Nota general Título original: Cane sugar handbook. A manual for cane sugar manufacturers and their chemists
503 ## - NOTA DE HISTORIA BIBLIOGRÁFICA (BK CF MU) [OBSOLETO]
Nota de historia bibliográfica I. 163064 \ I. 163065
590 ## - NOTA LOCAL (RLIN)
Nota local TP379 C44 1991
650 ## - PUNTO DE ACCESO ADICIONAL DE MATERIA--TÉRMINO DE MATERIA
Término de materia o nombre geográfico como elemento de entrada Azúcar
Subdivisión general Manufactura y refinamiento
-- Manuales
9 (RLIN) 153510
650 ## - PUNTO DE ACCESO ADICIONAL DE MATERIA--TÉRMINO DE MATERIA
Término de materia o nombre geográfico como elemento de entrada Sugar
Subdivisión general Manufacture and refining
-- Handbooks, manuals
9 (RLIN) 153511
700 ## - PUNTO DE ACCESO ADICIONAL--NOMBRE DE PERSONA
Nombre de persona Álvarez Medina, Constantino, tr.
9 (RLIN) 153512
700 ## - PUNTO DE ACCESO ADICIONAL--NOMBRE DE PERSONA
Nombre de persona García Ferrer, Carlos Alberto, tr.
9 (RLIN) 153325
901 ## - ELEMENTOS DE DATOS A LOCAL LDA (RLIN)
a 664.1 C44 1991
902 ## - ELEMENTOS DE DATOS B LOCAL, LDB (RLIN)
a M
905 ## - ELEMENTOS DE DATOS E LOCAL, LDE (RLIN)
a 5232271991 mx aimn8222223322spa16
942 ## - ELEMENTOS DE PUNTO DE ACCESO ADICIONAL (KOHA)
Tipo de ítem Koha Libro
Fuente del sistema de clasificación o colocación Dewey Decimal Classification
Holdings
Estado de retiro Estado de pérdida Fuente del sistema de clasificación o colocación Estado dañado No para préstamo Código de colección Localización permanente Ubicación/localización actual Fecha de adquisición Información codificada de la localización en otra ubicación Total de préstamos Signatura topográfica completa Código de barras Fecha visto por última vez Fecha del último préstamo Número de copia Precio válido a partir de Tipo de ítem Koha
    Dewey Decimal Classification     General Ingenieria Agroindustrial Ingenieria Agroindustrial 18/01/2022 1 2 664.1 C44 1991 dia_003930 13/08/2024 13/08/2024 2 18/01/2022 Libro
    Dewey Decimal Classification     General Ingenieria Agroindustrial Ingenieria Agroindustrial 18/01/2022 1   664.1 C44 1991 dia_003929 18/01/2022   1 18/01/2022 Libro